000 00260nam a22001217a 4500
008 180314b xxu||||| |||| 00| 0 eng d
041 _aeng
080 _a91
100 _a43
101 _ageo
245 _aregional map of mexico
_ccaso.a
942 _2udc
_cBK
999 _c45060
_d45060